[Event "GRE-chT 44th"]
[Site "Achaia"]
[Date "2016.07.10"]
[Round "7.6"]
[White "Spyropoulos, Nikolaos"]
[Black "Giavasopoulos, Thomas"]
[Result "1-0"]
[WhiteElo "2106"]
[BlackElo "1664"]
[PlyCount "103"]
[EventDate "2016.07.05"]
[EventType "team-swiss"]
[EventRounds "7"]
[EventCountry "GRE"]
[SourceTitle "CBM 173 Extra"]
[Source "ChessBase"]
[SourceDate "2016.08.29"]
[SourceVersion "1"]
[SourceVersionDate "2016.08.29"]
[SourceQuality "1"]
[WhiteTeam "Three Stars 89"]
[BlackTeam "Heraklion SO"]
[WhiteTeamCountry "GRE"]
[BlackTeamCountry "GRE"]

1. e4 c5 2. Nf3 d6 3. d4 cxd4 4. Nxd4 Nf6 5. Nc3 g6 6. Be3 Bg7 7. Be2 0-0 8. 0-0 Nc6 9. Qd2 Bd7 10. f4 Bg4 11. Rad1 Bxe2 12. Qxe2 Qa5 13. Nb3 Qc7 14. Nd5 Nxd5 15. exd5 Nb4 16. c3 Na6 17. f5 Qd7 18. Bg5 Rae8 19. Qe4 Nc5 20. Nxc5 dxc5 21. fxg6 fxg6 22. Rxf8+ Kxf8 23. Re1 Bf6 24. Bh6+ Kg8 25. Qc4 b6 26. d6+ e6 27. Rd1 Bg7 28. Bg5 h6 29. Bh4 g5 30. Bg3 Kh8 31. Qg4 Rd8 32. h4 e5 33. Qh5 Qe8 34. Qxe8+ Rxe8 35. d7 Rd8 36. hxg5 hxg5 37. Kf2 Kg8 38. Ke3 Kf7 39. Ke4 Ke6 40. Rd5 Rxd7 41. Rxd7 Kxd7 42. Bxe5 Bf8 43. Kf5 Kc6 44. c4 b5 45. cxb5+ Kxb5 46. Kxg5 Kc4 47. g4 Kd5 48. Kf5 a5 49. g5 a4 50. a3 c4 51. Bc3 Kd6 52. Bb4+ 1-0

[Event "GRE-chT 43rd"]
[Site "Porto Rio"]
[Date "2015.10.11"]
[Round "6.3"]
[White "Giannoulakis, Labros"]
[Black "Giavasopoulos, Thomas"]
[Result "1-0"]
[WhiteElo "2139"]
[BlackElo "1605"]
[PlyCount "93"]
[EventDate "2015.10.08"]
[EventType "team-swiss"]
[EventRounds "7"]
[EventCountry "GRE"]
[SourceTitle "CBM 168 Extra"]
[Source "ChessBase"]
[SourceDate "2015.10.29"]
[SourceVersion "1"]
[SourceVersionDate "2015.10.29"]
[SourceQuality "1"]
[WhiteTeam "Panionios GSS"]
[BlackTeam "Von Heraklion Contact"]
[WhiteTeamCountry "GRE"]
[BlackTeamCountry "GRE"]

1. d4 Nf6 2. c4 g6 3. Nf3 Bg7 4. Nc3 d5 5. cxd5 Nxd5 6. g3 0-0 7. Bg2 c5 8. 0-0 cxd4 9. Nxd4 Nxc3 10. bxc3 Qc7 11. Qb3 a6 12. Ba3 Nc6 13. Nxc6 bxc6 14. Bc5 Rb8 15. Qa3 Bf6 16. Rab1 Rb5 17. Be3 Bf5 18. Rxb5 axb5 19. Rc1 Be6 20. Qa6 Rc8 21. Bf3 Bc4 22. a4 e6 23. a5 Bd5 24. Bb6 Qb8 25. e4 Bc4 26. Bc5 Qa8 27. Qxa8 Rxa8 28. Bb4 Bd8 29. Rd1 Bb3 30. Rb1 Ba4 31. e5 Ra6 32. Rb2 Bxa5 33. Bxa5 Rxa5 34. Bxc6 Kf8 35. Rb4 Bc2 36. Rxb5 Ra1+ 37. Kg2 Rc1 38. Rc5 Bd3 39. Kf3 Re1 40. Bb5 Be4+ 41. Kf4 h6 42. h4 Bd5 43. Bd3 g5+ 44. hxg5 hxg5+ 45. Kxg5 Rxe5+ 46. Kf6 Rf5+ 47. Bxf5 1-0

[Event "GRE-chT 43rd"]
[Site "Porto Rio"]
[Date "2015.10.08"]
[Round "1.15"]
[White "Vourlis Koletis, Miltiadis"]
[Black "Giavasopoulos, Thomas"]
[Result "1/2-1/2"]
[WhiteElo "1633"]
[BlackElo "1605"]
[PlyCount "75"]
[EventDate "2015.10.08"]
[EventType "team-swiss"]
[EventRounds "7"]
[EventCountry "GRE"]
[SourceTitle "CBM 168 Extra"]
[Source "ChessBase"]
[SourceDate "2015.10.29"]
[SourceVersion "1"]
[SourceVersionDate "2015.10.29"]
[SourceQuality "1"]
[WhiteTeam "Thinalios"]
[BlackTeam "Von Heraklion Contact"]
[WhiteTeamCountry "GRE"]
[BlackTeamCountry "GRE"]

1. d4 Nf6 2. Bf4 e6 3. e3 b6 4. Nf3 Bb7 5. Be2 Be7 6. 0-0 0-0 7. Nbd2 Nh5 8. Bg3 Nxg3 9. hxg3 c5 10. c3 d5 11. Ne5 f6 12. Nd3 Qd6 13. Bg4 e5 14. dxe5 fxe5 15. f4 Nc6 16. e4 Rad8 17. fxe5 Nxe5 18. Nxe5 Qxe5 19. exd5 Qe3+ 20. Kh2 Bxd5 21. Rxf8+ Rxf8 22. Nf3 Be6 23. Bxe6+ Qxe6 24. Qb3 c4 25. Qd1 Bd6 26. Qd2 Rf5 27. Re1 Rh5+ 28. Kg1 Bc5+ 29. Nd4 Re5 30. Rxe5 Qxe5 31. Kh2 Qh5+ 32. Kg1 Qd5 33. Qf4 Bd6 34. Qe3 Qe5 35. Qxe5 Bxe5 36. Nc6 Bxg3 37. Nxa7 Bf4 38. Kf2 1/2-1/2

[Event "GRE-chT 42nd"]
[Site "Porto Rio"]
[Date "2014.06.28"]
[Round "1.9"]
[White "Valianos, Gerasimos"]
[Black "Giavasopoulos, Thomas"]
[Result "1-0"]
[WhiteElo "1655"]
[BlackElo "1556"]
[PlyCount "61"]
[EventDate "2014.06.28"]
[EventType "team-swiss"]
[EventRounds "7"]
[EventCountry "GRE"]
[SourceTitle "CBM 161 Extra"]
[Source "ChessBase"]
[SourceDate "2014.08.29"]
[SourceVersion "1"]
[SourceVersionDate "2014.08.29"]
[SourceQuality "1"]
[WhiteTeam "Alexandroupolis Ethnikos"]
[BlackTeam "Irakleiou Contact"]
[WhiteTeamCountry "GRE"]
[BlackTeamCountry "GRE"]

1. Nf3 Nf6 2. c4 c5 3. Nc3 Nc6 4. g3 e6 5. Bg2 d5 6. cxd5 exd5 7. d4 Be6 8. 0-0 Rc8 9. Bg5 Be7 10. dxc5 Bxc5 11. Bxf6 gxf6 12. Rc1 Bb6 13. Qa4 Qd7 14. Rfd1 Rd8 15. Ne1 d4 16. Ne4 Qe7 17. Nd3 Bd5 18. Nec5 Bxg2 19. Kxg2 Bxc5 20. Nxc5 0-0 21. Nxb7 Qxb7 22. Qxc6 Qxb2 23. Qxf6 Qb7+ 24. Kg1 Qd5 25. Rd2 Rd6 26. Qf4 f5 27. Rc7 Rf7 28. Rc8+ Kg7 29. Qg5+ Rg6 30. Qd8 Rd7 31. Qf8# 1-0

[Event "Attica-ch U18"]
[Site "Iraklio"]
[Date "2013.12.23"]
[Round "2.2"]
[White "Giavasopoulos, Thomas"]
[Black "Anthopoulos, Hristos"]
[Result "0-1"]
[WhiteElo "1518"]
[BlackElo "1788"]
[PlyCount "70"]
[EventDate "2013.12.22"]
[EventType "swiss"]
[EventRounds "7"]
[EventCountry "GRE"]
[SourceTitle "EXT 2024"]
[Source "ChessBase"]
[SourceDate "2023.10.10"]
[SourceVersion "1"]
[SourceVersionDate "2023.10.10"]
[SourceQuality "1"]

1. d4 Nf6 2. Nf3 d5 3. Bf4 c6 4. e3 Bf5 5. c4 e6 6. Nc3 Nbd7 7. h3 Be7 8. Bd3 Bxd3 9. Qxd3 0-0 10. 0-0 Rc8 11. c5 Re8 12. b4 b6 13. Rab1 bxc5 14. bxc5 Bxc5 15. dxc5 e5 16. Nxe5 Nxe5 17. Bxe5 Rxe5 18. Rb4 Nd7 19. Na4 Rg5 20. f4 Rg3 21. Rf3 Rxf3 22. gxf3 Qh4 23. Kg2 Nf6 24. Qf5 Re8 25. Rb3 Qe1 26. Qd3 Nh5 27. Qf1 Nxf4+ 28. exf4 Re2+ 29. Qxe2 Qxe2+ 30. Kg3 g6 31. Nc3 Qe1+ 32. Kg4 h5+ 33. Kg5 Kg7 34. Ne4 dxe4 35. fxe4 f6# 0-1

[Event "GRE-ch U12"]
[Site "Patras"]
[Date "2013.07.09"]
[Round "3.6"]
[White "Georgakopoulos, Nikolaos K"]
[Black "Giavasopoulos, Thomas"]
[Result "1-0"]
[WhiteElo "1429"]
[BlackElo "1554"]
[PlyCount "139"]
[EventDate "2013.07.08"]
[EventType "swiss"]
[EventRounds "9"]
[EventCountry "GRE"]
[SourceTitle "EXT 2024"]
[Source "ChessBase"]
[SourceDate "2023.10.10"]
[SourceVersion "1"]
[SourceVersionDate "2023.10.10"]
[SourceQuality "1"]

1. e4 e6 2. d4 d5 3. e5 c5 4. c3 Qb6 5. a3 Nc6 6. Nf3 Nh6 7. b4 cxd4 8. cxd4 Nf5 9. Bb2 Bd7 10. Be2 Rc8 11. 0-0 f6 12. Bd3 Nh6 13. Nc3 Nf7 14. Na4 Qd8 15. Re1 fxe5 16. Nxe5 Ncxe5 17. dxe5 a6 18. Bd4 Bxa4 19. Qxa4+ Qd7 20. b5 Be7 21. Qd1 a5 22. Re3 Bc5 23. Bxc5 Rxc5 24. Qh5 g6 25. Qe2 Qc7 26. Qg4 Rc1+ 27. Rxc1 Qxc1+ 28. Bf1 Qc8 29. b6 0-0 30. h3 Nh6 31. Qa4 Qc5 32. Qb5 Rc8 33. Qd7 Qc6 34. Bb5 Qxd7 35. Bxd7 Rc1+ 36. Kh2 Kf7 37. Rb3 Ke7 38. Ba4 Rc5 39. g4 Nf7 40. Re3 Nd8 41. Kg3 Nf7 42. f4 Rc1 43. Rb3 Rc5 44. g5 Nd8 45. Kf3 Nc6 46. Bxc6 Rxc6 47. Rb5 a4 48. Ra5 Rxb6 49. Rxa4 Rb3+ 50. Kg4 Kf7 51. Ra7 Kg7 52. a4 Kg8 53. a5 Rb1 54. Ra8+ Kf7 55. Rb8 Rb5 56. Rh8 Kg7 57. Rb8 Kf7 58. Kf3 Rxa5 59. Rxb7+ Kg8 60. Re7 Ra6 61. Ke3 Rc6 62. Kd3 Kh8 63. h4 Kg8 64. Ke3 Rc3+ 65. Kf2 Rc2+ 66. Kg3 Rc3+ 67. Kg4 Rc6 68. h5 Rb6 69. h6 Rc6 70. Re8+ 1-0